000 00450cam a22001337a 4500
008 180718b1981 xxu||||| |||| 00| 0 eng d
082 _aB131x5421 sa29 c.2.
100 _aSexena ,Sudha
245 _aTrends of Urbanisation in Utter Pradesh
_cEdited by Sudha Sexena
260 _aAgra
_bArvink Vivek prakashan
_c1981
300 _aix, 274p
650 _aUrbanization --India --Uttar Pradesh
650 _aCities and towns --India --Uttar Pradesh --Growth
999 _c408458
_d408458